000 00324nam a22001457a 4500
008 211011b ||||| |||| 00| 0 eng d
020 _a0060404523
041 _aeng
080 _22nd
_a371
082 _a371
100 _a46
101 _aEDU
245 _aThe Complete Stylist and Handbook
_cBaker,Sh
942 _2udc
_cBK
999 _c58126
_d58126